A snowball's life (Record no. 76497)

MARC details
000 -LEADER
fixed length control field 01498cab a2200277 4500
001 - CONTROL NUMBER
control field ##L132567
008 - FIXED-LENGTH DATA ELEMENTS--GENERAL INFORMATION
fixed length control field 060217n2006 000 0 eng u
035 ## - SYSTEM CONTROL NUMBER
System control number (Sirsi) u132567
041 0# - LANGUAGE CODE
Language code of text/sound track or separate title eng
100 1# - MAIN ENTRY--PERSONAL NAME
Personal name Franklin, Kim
245 02 - TITLE STATEMENT
Title A snowball's life
260 ## - PUBLICATION, DISTRIBUTION, ETC.
Date of publication, distribution, etc. 2006
490 #0 - SERIES STATEMENT
Series statement Architects' Journal
Volume/sequential designation 223(4) 2 February 2006, 42(1)
520 ## - SUMMARY, ETC.
Summary, etc. Looks at the Technology and Construction Court's approach to contested applications to enforce adjudicator's decisions since the passing of the Housing Grants, Construction and Regeneration Act 1996. The reported cases show that the court is becoming increasingly reluctant to interfere with an adjudicator's decision, even where breach of natural justice is claimed.
590 ## - LOCAL NOTE (RLIN)
Local note IKA280206
600 24 - SUBJECT ADDED ENTRY--PERSONAL NAME
Personal name a
-- ASTRACK CONTRACTORS LTD V MORRISON CONSTRUCTION LTD
600 24 - SUBJECT ADDED ENTRY--PERSONAL NAME
Personal name LONDON AND AMSTERDAM PROPERTIES LTD V WATERMAN PARTNERSHIP LTD
600 24 - SUBJECT ADDED ENTRY--PERSONAL NAME
Personal name AMEC CIVIL ENGINEERING LTD V SoS TRANSPORT
650 24 - SUBJECT ADDED ENTRY--TOPICAL TERM
Topical term or geographic name entry element HOUSING GRANTS, CONSTRUCTION AND REGENERATION ACT 1996
650 24 - SUBJECT ADDED ENTRY--TOPICAL TERM
Topical term or geographic name entry element MACOB CIVIL ENGINEERING LTD V MORRISON CONSTRUCTION LTD
650 24 - SUBJECT ADDED ENTRY--TOPICAL TERM
Topical term or geographic name entry element AUSTIN HALL BUILDING LTD V BUCKLAND SECURITIES LTD
650 24 - SUBJECT ADDED ENTRY--TOPICAL TERM
Topical term or geographic name entry element CARILLION CONSTRUCTION LTD V DEVONPORT ROYAL DOCKYARD LTD
650 24 - SUBJECT ADDED ENTRY--TOPICAL TERM
Topical term or geographic name entry element ALL IN ONE BUILDING & REFURBISHMENTS LTD V MAKERS UK LTD
690 ## - LOCAL SUBJECT ADDED ENTRY--TOPICAL TERM (OCLC, RLIN)
Topical term or geographic name as entry element MANAGEMENT-DISPUTE AVOIDANCE, MANAGEMENT AND RESOLUTION-DISPUTE MANAGEMENT AND RESOLUTION-ALTERNATIVE DISPUTE RESOLUTION-ADJUDICATION-ADJUDICATION AWARDS
942 ## - ADDED ENTRY ELEMENTS (KOHA)
Suppress in OPAC 0
Holdings
Withdrawn status Lost status Source of classification or shelving scheme Damaged status Not for loan Home library Current library Shelving location Date acquired Total Checkouts Full call number Barcode Date last seen Copy number Price effective from Koha item type
    Dewey Decimal Classification     London London Journal article 17/02/2006   L132567 132567-1001 06/08/2019 1 06/08/2019 Journal article